[Event "14. Sparkassen Open 2015 - Gruppe C"]
[Site "Forchheim"]
[Date "2015.10.03"]
[Round "2.2"]
[White "Krastev, Ivan"]
[Black "Schwarz, Matthias"]
[Result "1-0"]
[WhiteElo "1663"]
[BlackElo "1633"]
[PlyCount "55"]
[EventDate "2015.??.??"]
[WhiteTeam "Biebertaler SF"]
[BlackTeam "SG Idstein"]

1. e4 e5 2. Nf3 Nc6 3. Bc4 Nf6 4. d3 Bc5 5. c3 d6 6. Bb3 Be6 7. Bc2 d5 8. Qe2
dxe4 9. dxe4 h6 10. Nbd2 O-O 11. Nc4 Bxc4 12. Qxc4 Bb6 13. b4 a6 14. a4 Re8 15.
Bb3 Qd7 16. O-O Rad8 17. Ba3 Ng4 18. Qe2 Qd3 19. Qa2 Qxe4 20. Bxf7+ Kh8 21.
Bxe8 Rxe8 22. h3 Nf6 23. Rad1 Nh5 24. Qf7 Nf6 25. Bc1 Nd8 26. Qa2 Ne6 27. Rfe1
Qg6 28. Nxe5 1-0

[Event "14. Sparkassen Open 2015 - Gruppe C"]
[Site "Forchheim"]
[Date "2015.10.03"]
[Round "2.3"]
[White "Sorokin, Konstantin"]
[Black "Sroka, Dieter"]
[Result "0-1"]
[WhiteElo "1593"]
[BlackElo "1739"]
[PlyCount "35"]
[EventDate "2015.??.??"]
[WhiteTeam "Münchener SC"]
[BlackTeam "SC  JÄKLECHEMIE"]

1. d4 Nf6 2. Nf3 d5 3. Bg5 e6 4. e3 Be7 5. Bd3 Nbd7 6. Nbd2 O-O 7. Ne5 h6 8.
Bh4 c5 9. c3 a6 10. O-O Qb6 11. Qb3 Qc7 12. Nxd7 Bxd7 13. dxc5 Qxc5 14. Bxf6
Bxf6 15. Qxb7 Bb5 16. Nb3 Qd6 17. Bxb5 axb5 18. Qxb5 0-1

[Event "14. Sparkassen Open 2015 - Gruppe C"]
[Site "Forchheim"]
[Date "2015.10.03"]
[Round "2.4"]
[White "Eichenauer, Pascal"]
[Black "Schwarz, Dominik"]
[Result "1-0"]
[WhiteElo "1564"]
[BlackElo "1447"]
[PlyCount "49"]
[EventDate "2015.??.??"]
[WhiteTeam "SV Würzburg"]
[BlackTeam "SC Prichsenstadt"]

1. e4 d5 2. exd5 Qxd5 3. Nc3 Qd6 4. d4 a6 5. Bc4 b5 6. Bxf7+ Kd8 7. Ne4 Qc6 8.
d5 Qc4 9. Ng5 Qb4+ 10. c3 Qd6 11. Be6 Qe5+ 12. Be3 Nh6 13. N1f3 Qd6 14. Bxc8
Kxc8 15. Ne6 Ng4 16. Bf4 Qb6 17. Nfd4 Nf6 18. Bxc7 Qb7 19. Bxb8 Rxb8 20. Nc6
Ra8 21. Rc1 Qd7 22. c4 Qd6 23. cxb5 axb5 24. Qb3 Nxd5 25. Ne5+ 1-0

[Event "14. Sparkassen Open 2015 - Gruppe C"]
[Site "Forchheim"]
[Date "2015.10.03"]
[Round "2.6"]
[White "Dresel, Martin"]
[Black "Hanft, Günter"]
[Result "1/2-1/2"]
[WhiteElo "1699"]
[BlackElo "1715"]
[PlyCount "104"]
[EventDate "2015.??.??"]
[WhiteTeam "SC Erlangen"]
[BlackTeam "SC Bamberg"]

1. d4 g6 2. b3 Bg7 3. Bb2 Nf6 4. Nf3 d6 5. c4 O-O 6. e3 Nbd7 7. Be2 c5 8. d5
Nb6 9. O-O Bg4 10. Ng5 Bxe2 11. Qxe2 h6 12. Nf3 Nbd7 13. Na3 a6 14. Rad1 Qa5
15. Qd2 Qxd2 16. Rxd2 Ne4 17. Rc2 Rfb8 18. Bxg7 Kxg7 19. Nb1 b5 20. Nbd2 Nxd2
21. Nxd2 Ne5 22. f4 Ng4 23. Rf3 f5 24. h3 Nf6 25. Rf1 Re8 26. Kf2 e6 27. dxe6
Rxe6 28. Nf3 Ne4+ 29. Kg1 b4 30. Re1 Rae8 31. Nd2 Kf6 32. Nxe4+ Rxe4 33. Kf2 a5
34. Rd2 R4e6 35. Rd3 Ra8 36. Red1 Ke7 37. Kf3 h5 38. Rd5 a4 39. R5d3 axb3 40.
axb3 Ra3 41. g4 hxg4+ 42. hxg4 Ra2 43. gxf5 gxf5 44. Rd5 Rf6 45. R1d2 Rxd2 46.
Rxd2 Rh6 47. Rd3 Rh2 48. e4 Rh3+ 49. Ke2 Rxd3 50. Kxd3 Ke6 51. Ke3 Kf6 52. Kf3
Ke6 1/2-1/2

[Event "14. Sparkassen Open 2015 - Gruppe C"]
[Site "Forchheim"]
[Date "2015.10.03"]
[Round "2.7"]
[White "Walter, Stefanie"]
[Black "Knoll, Ernst"]
[Result "0-1"]
[WhiteElo "1178"]
[BlackElo "1515"]
[PlyCount "106"]
[EventDate "2015.??.??"]
[WhiteTeam "SV Lauf"]
[BlackTeam "Schachtreff Röttenbach"]

1. e4 e6 2. e5 d6 3. exd6 cxd6 4. d4 d5 5. Nc3 Bb4 6. Bd2 Nf6 7. a3 Bxc3 8.
Bxc3 O-O 9. Bd3 Nc6 10. Nf3 Bd7 11. O-O Qc7 12. Rb1 a6 13. Ne5 Rfd8 14. Nxc6
Qxc6 15. Bd2 Re8 16. Re1 Rac8 17. b4 b5 18. Rc1 Qd6 19. Qf3 Qb6 20. Be3 Bc6 21.
c4 bxc4 22. Bxc4 Qb7 23. Bd3 Bb5 24. Bxb5 axb5 25. Qg3 Ne4 26. Rxc8 Rxc8 27.
Qg4 f5 28. Qf4 Qd7 29. Rc1 Rxc1+ 30. Bxc1 Qc6 31. h3 Kf7 32. Be3 g5 33. Qe5 f4
34. f3 fxe3 35. fxe4 Qc1+ 36. Kh2 e2 37. exd5 Qf4+ 38. Qxf4+ gxf4 39. d6 e1=Q
40. d7 Ke7 41. a4 Qxb4 42. d8=Q+ Kxd8 43. h4 bxa4 44. d5 exd5 45. h5 h6 46. g3
fxg3+ 47. Kh3 g2 48. Kxg2 Qf4 49. Kh1 Qf3+ 50. Kh2 a3 51. Kg1 Qe2 52. Kh1 a2
53. Kg1 a1=R# 0-1

[Event "14. Sparkassen Open 2015 - Gruppe C"]
[Site "Forchheim"]
[Date "2015.10.03"]
[Round "2.8"]
[White "Klinkhammer, Christopher"]
[Black "Walter, Gabriele"]
[Result "0-1"]
[WhiteElo "1503"]
[BlackElo "1246"]
[PlyCount "70"]
[EventDate "2015.??.??"]
[WhiteTeam "SG Siemens Amberg"]
[BlackTeam "SV Lauf"]

1. c4 c5 2. Nc3 Nc6 3. g3 g6 4. Bg2 d6 5. Nf3 Bg7 6. O-O Nf6 7. d4 cxd4 8. Nxd4
Qc7 9. Nxc6 bxc6 10. Qd3 O-O 11. e4 Bb7 12. Be3 c5 13. f4 e6 14. Nb5 Qc6 15.
Nxd6 Rfd8 16. Rad1 Bf8 17. Nxb7 Rxd3 18. Rxd3 Qb6 19. Rb3 Qa6 20. e5 Qxa2 21.
Na5 Qxa5 22. Bxa8 Nd7 23. Rd1 Nb6 24. Bd2 Qa2 25. Ra3 Qxb2 26. Rxa7 Nxc4 27.
Bc1 Qc2 28. Rad7 Nb6 29. R7d2 Qa4 30. Bg2 Be7 31. Bf3 c4 32. Rb2 Qa3 33. Kg2
Qc5 34. Rc2 Nd5 35. Bxd5 exd5 0-1

[Event "14. Sparkassen Open 2015 - Gruppe C"]
[Site "Forchheim"]
[Date "2015.10.03"]
[Round "2.9"]
[White "Bardorz, Christoph"]
[Black "Alka, Kurt"]
[Result "1/2-1/2"]
[WhiteElo "1552"]
[BlackElo "1352"]
[PlyCount "71"]
[EventDate "2015.??.??"]
[WhiteTeam "TSV Rottendorf"]
[BlackTeam "SC Erlangen"]

1. e4 c5 2. Nc3 e6 3. g3 Nc6 4. Bg2 g6 5. f4 Bg7 6. Nf3 d6 7. O-O Nge7 8. d3
O-O 9. Be3 b5 10. d4 Ba6 11. Rf2 Rc8 12. Rd2 c4 13. Ne2 d5 14. exd5 Nxd5 15.
Bf2 Qc7 16. c3 Nce7 17. Ne1 Nf5 18. Nc2 Bb7 19. h3 Nf6 20. Bxb7 Qxb7 21. Qf1
Ne4 22. Qg2 Rb8 23. Rdd1 Nxf2 24. Kxf2 Qxg2+ 25. Kxg2 a5 26. b4 axb4 27. g4 b3
28. axb3 cxb3 29. gxf5 bxc2 30. Rd2 c1=Q 31. Rxc1 gxf5 32. c4 Rfd8 33. Kf3 Kf8
34. Ke3 Ke7 35. Nc3 Bh6 36. Ne2 1/2-1/2

[Event "14. Sparkassen Open 2015 - Gruppe C"]
[Site "Forchheim"]
[Date "2015.10.03"]
[Round "2.10"]
[White "Kost, Andreas"]
[Black "Erdösi, Niko"]
[Result "1-0"]
[WhiteElo "1528"]
[BlackElo "1498"]
[PlyCount "97"]
[EventDate "2015.??.??"]
[WhiteTeam "SC Noris-Tarrasch Nürnberg"]
[BlackTeam "TV Tegernsee"]

1. d4 d5 2. c4 e6 3. Nc3 Nf6 4. e3 c6 5. Nf3 Nbd7 6. Be2 Be7 7. cxd5 exd5 8.
O-O O-O 9. Bd3 Re8 10. h3 Bd6 11. Qc2 Nb6 12. b3 Bd7 13. a4 Qc8 14. a5 Bxh3 15.
axb6 Qg4 16. Ne1 Bxg2 17. Nxg2 Qh3 18. f4 Ng4 19. Ne1 Bb4 20. Rf3 Qh5 21. Bxh7+
Kh8 22. Qg2 Bxc3 23. Rh3 Qxh7 24. Rxh7+ Kxh7 25. Rxa7 Rxa7 26. bxa7 Bxd4 27.
Qxg4 Bxa7 28. Kf2 d4 29. Ng2 d3 30. Qf5+ Kg8 31. Qxd3 Ra8 32. Kf3 Bb6 33. Bb2
Re8 34. Bd4 Bc7 35. e4 Rd8 36. Qc3 f6 37. Bc5 Kf7 38. f5 Kg8 39. Qc4+ Kh7 40.
Be7 Rd7 41. Qe6 Rd3+ 42. Ke2 Rh3 43. Bxf6 Rh6 44. Qd7 Rxf6 45. Qxc7 Rh6 46.
Qxb7 Rh2 47. Kf3 Rh3+ 48. Kg4 Rh1 49. f6 1-0

[Event "14. Sparkassen Open 2015 - Gruppe C"]
[Site "Forchheim"]
[Date "2015.10.03"]
[Round "2.11"]
[White "Bergmann, Thomas"]
[Black "Homi, Joseph"]
[Result "0-1"]
[WhiteElo "1178"]
[BlackElo "1495"]
[PlyCount "96"]
[EventDate "2015.??.??"]
[WhiteTeam "SC Eggerbachtal"]
[BlackTeam "SGem Fürth"]

1. e4 c5 2. Nf3 e6 3. c3 Qc7 4. d4 cxd4 5. cxd4 Nc6 6. Qc2 Bb4+ 7. Bd2 Bxd2+ 8.
Nbxd2 Nge7 9. Bd3 d5 10. e5 Qb6 11. Nb3 Nb4 12. Qd2 Nxd3+ 13. Qxd3 Qb4+ 14. Qd2
Qxd2+ 15. Nbxd2 O-O 16. O-O Bd7 17. Nb3 b6 18. Rfc1 Rac8 19. Rc3 Rc6 20. Kf1
Rfc8 21. Rac1 Rxc3 22. Rxc3 Rxc3 23. bxc3 Bb5+ 24. Ke1 Bc4 25. Kd2 a5 26. Kc2
a4 27. Kb2 axb3 28. axb3 Bd3 29. Nd2 b5 30. f4 h5 31. Nf3 Be4 32. Nh4 Nf5 33.
Nxf5 Bxf5 34. Ka3 Bd3 35. g3 Kh7 36. Kb4 Kg6 37. Kc5 Kf5 38. Kd6 Kg4 39. Ke7
Bg6 40. Kf8 Kh3 41. Kxg7 Kxh2 42. Kh6 Kxg3 43. Kg5 h4 44. c4 bxc4 45. bxc4 h3
46. cxd5 h2 47. d6 h1=Q 48. Kf6 Qh4+ 0-1

[Event "14. Sparkassen Open 2015 - Gruppe C"]
[Site "Forchheim"]
[Date "2015.10.03"]
[Round "2.12"]
[White "Böse, Christina"]
[Black "Hoffmann, Steffen"]
[Result "1-0"]
[WhiteElo "1454"]
[BlackElo "1407"]
[PlyCount "49"]
[EventDate "2015.??.??"]
[WhiteTeam "SC Bechhofen"]
[BlackTeam "SC Noris-Tarrasch Nürnberg"]

1. d4 Nf6 2. c4 g6 3. Nc3 d5 4. Nf3 Bg7 5. e3 O-O 6. Bd3 b6 7. Qc2 Bg4 8. cxd5
Bxf3 9. gxf3 Qd7 10. Bd2 Rc8 11. O-O-O c6 12. d6 exd6 13. Kb1 b5 14. Rdg1 a5
15. h4 Na6 16. Ne4 Nb4 17. Nxf6+ Bxf6 18. Bxb4 axb4 19. h5 Qa7 20. b3 Qb7 21.
hxg6 fxg6 22. Bxg6 Rc7 23. Bxh7+ Kf7 24. Qg6+ Ke6 25. Qf5+ 1-0

[Event "14. Sparkassen Open 2015 - Gruppe C"]
[Site "Forchheim"]
[Date "2015.10.03"]
[Round "2.13"]
[White "Roesner, Rolf"]
[Black "Weißig, Kersten"]
[Result "1-0"]
[WhiteElo "1425"]
[BlackElo "1235"]
[PlyCount "91"]
[EventDate "2015.??.??"]
[WhiteTeam "SC Erlangen"]
[BlackTeam "SV Deggendorf"]

1. d4 Nf6 2. c4 e5 3. d5 c6 4. Nc3 Bc5 5. f3 d6 6. Bg5 h6 7. Bh4 Qb6 8. Qb3
Bxg1 9. Qxb6 Bxb6 10. e4 g5 11. Bf2 Bxf2+ 12. Kxf2 Nh5 13. Rd1 c5 14. Bd3 Nf4
15. Bc2 Bd7 16. g3 Ng6 17. Rhe1 Na6 18. a3 O-O 19. Rg1 Rab8 20. h4 g4 21. h5
Ne7 22. f4 b5 23. fxe5 dxe5 24. d6 Nc6 25. cxb5 Nd4 26. Ba4 Nc7 27. dxc7 Rbc8
28. Nd5 Kg7 29. b3 Bxb5 30. Bxb5 Nxb5 31. Rc1 Nxc7 32. Rxc5 Nxd5 33. Rxc8 Rxc8
34. exd5 Rc2+ 35. Ke3 Rc3+ 36. Ke4 f6 37. d6 Rc8 38. Rd1 Kf7 39. Kf5 Rd8 40. b4
e4 41. Kxe4 Ke6 42. d7 f5+ 43. Kf4 a6 44. Rd4 Rxd7 45. Rxd7 a5 46. Rh7 1-0

[Event "14. Sparkassen Open 2015 - Gruppe C"]
[Site "Forchheim"]
[Date "2015.10.03"]
[Round "2.14"]
[White "Michel, Philipp"]
[Black "Trefflich, Marcus"]
[Result "1/2-1/2"]
[WhiteElo "1312"]
[BlackElo "1421"]
[PlyCount "96"]
[EventDate "2015.??.??"]
[WhiteTeam "SC Forchheim"]
[BlackTeam "SC Treuchtlingen"]

1. c4 e5 2. Nc3 Nf6 3. e3 b6 4. Qf3 Nc6 5. d4 exd4 6. exd4 Rb8 7. d5 Na5 8. Bd3
Bb4 9. Nge2 O-O 10. Bg5 Be7 11. Ne4 d6 12. Nxf6+ Bxf6 13. h4 Re8 14. b4 Nb7 15.
Rc1 h6 16. Bxf6 Qxf6 17. Qxf6 gxf6 18. O-O Nd8 19. Nf4 Re5 20. Rfe1 c5 21. b5
a6 22. a4 axb5 23. axb5 Nb7 24. f3 Bd7 25. Rxe5 fxe5 26. Nh5 Be8 27. Nf6+ Kg7
28. Nh5+ Kf8 29. Nf6 Ke7 30. Ng8+ Kf8 31. Nxh6 Bd7 32. Bf5 Kg7 33. Nxf7 Bxf5
34. Ng5 Kg6 35. g4 Bd7 36. Ne4 Rf8 37. Kg2 Rf4 38. Re1 Na5 39. Nxd6 Nxc4 40.
Nxc4 Rxc4 41. Rxe5 Kf7 42. Rh5 Rc2+ 43. Kg3 Bxb5 44. Rh6 Bc4 45. Rxb6 Bxd5 46.
Rd6 Be6 47. h5 Rc1 48. h6 Rh1 1/2-1/2

[Event "14. Sparkassen Open 2015 - Gruppe C"]
[Site "Forchheim"]
[Date "2015.10.03"]
[Round "2.15"]
[White "Schad, Gerhard"]
[Black "Gehrke, Jakob"]
[Result "1-0"]
[WhiteElo "1683"]
[BlackElo "1328"]
[PlyCount "121"]
[EventDate "2015.??.??"]
[WhiteTeam "SV Neustadt/Aisch"]
[BlackTeam "TV Tegernsee"]

1. e4 e5 2. Nc3 Nc6 3. Bc4 Bc5 4. a3 a6 5. d3 Nf6 6. Bg5 h6 7. Bh4 g5 8. Bg3 b5
9. Ba2 d6 10. h3 Be6 11. Bxe6 fxe6 12. Qd2 d5 13. Nf3 Qd6 14. O-O-O a5 15. Nxb5
Qe7 16. Nxe5 Nxe5 17. Bxe5 Bd6 18. Bxf6 Qxf6 19. exd5 exd5 20. Qc3 Qxc3 21.
Nxc3 Bf4+ 22. Kb1 c6 23. Rde1+ Kd7 24. Re2 Rhb8 25. Na4 Kd6 26. Rhe1 Kc7 27.
Re7+ Kd8 28. R7e6 Kd7 29. Nc5+ Kc7 30. Rxh6 Bd6 31. Ne6+ Kc8 32. Ka2 Kd7 33.
Rh7+ Kc8 34. Nd4 Bc7 35. Ree7 Kb7 36. Rxc7+ Ka6 37. Rxc6+ Rb6 38. Rxb6+ Kxb6
39. Rg7 Rf8 40. f3 Rf6 41. Rxg5 Kc5 42. Nb3+ Kd6 43. Nxa5 Re6 44. Kb3 Re2 45.
h4 Re6 46. h5 Rh6 47. g4 Kc5 48. c4 Kb6 49. Rg6+ Rxg6 50. hxg6 Kxa5 51. g7
dxc4+ 52. dxc4 Kb6 53. g8=Q Kc5 54. Qd5+ Kb6 55. c5+ Kb5 56. c6+ Kb6 57. Kb4
Kc7 58. Kb5 Kb8 59. Qd6+ Ka7 60. Qc7+ Ka8 61. Qb7# 1-0

[Event "14. Sparkassen Open 2015 - Gruppe C"]
[Site "Forchheim"]
[Date "2015.10.03"]
[Round "2.16"]
[White "Heger, Heinz"]
[Black "Kirchner, Stefan"]
[Result "0-1"]
[WhiteElo "1131"]
[BlackElo "1497"]
[PlyCount "76"]
[EventDate "2015.??.??"]
[WhiteTeam "SC Forchheim"]
[BlackTeam "SF Schöneck"]

1. d4 Nf6 2. c4 d6 3. Nc3 g6 4. Nf3 Bg7 5. h3 O-O 6. e3 Nbd7 7. Bd3 e5 8. O-O
Re8 9. dxe5 dxe5 10. e4 a5 11. a4 Nc5 12. Bc2 Nfd7 13. Bg5 f6 14. Be3 c6 15.
Qb1 Qc7 16. b4 axb4 17. Qxb4 Bf8 18. Qb1 b6 19. Qc1 Ba6 20. Nd2 Nb7 21. Bb3
Ndc5 22. Qb1 Na5 23. Bc2 Rab8 24. Qa2 Kh8 25. Rfd1 Rbd8 26. Rab1 Qf7 27. Bxc5
Bxc5 28. Nb3 Bxc4 29. Qb2 Nxb3 30. Bxb3 Rxd1+ 31. Nxd1 Bxb3 32. Qxb3 Qxb3 33.
Rxb3 Ra8 34. Nb2 Bd4 35. Rb4 Bc5 36. Rc4 Kg7 37. Nd3 Bd4 38. Rxc6 Rxa4 0-1

[Event "14. Sparkassen Open 2015 - Gruppe C"]
[Site "Forchheim"]
[Date "2015.10.03"]
[Round "2.17"]
[White "Albayrak, Atilla"]
[Black "Wirtz-Stark, Jürgen"]
[Result "0-1"]
[WhiteElo "1419"]
[BlackElo "1072"]
[PlyCount "82"]
[EventDate "2015.??.??"]
[WhiteTeam "Zabo-Eintracht Nürnberg"]
[BlackTeam "SK Rothenburg"]

1. d4 d5 2. c4 e6 3. Nc3 Nf6 4. Nf3 c5 5. cxd5 cxd4 6. Qa4+ Bd7 7. Qxd4 Na6 8.
e3 Nb4 9. dxe6 Nc2+ 10. Ke2 Nxd4+ 11. Nxd4 fxe6 12. f3 a6 13. Kf2 Bb4 14. Bd2
Rc8 15. Be2 O-O 16. h3 Bxc3 17. Bxc3 Ne4+ 18. Ke1 Qh4+ 19. Kd1 Nf2+ 20. Kd2
Nxh1 21. Rxh1 Qg3 22. Bf1 Bb5 23. Nxb5 axb5 24. Ke2 Qd6 25. a3 Rfd8 26. Kf2
Rxc3 27. bxc3 Qd2+ 28. Be2 Qxc3 29. Bxb5 Qb2+ 30. Be2 Qxa3 31. Rb1 Rb8 32. Rb5
Qd6 33. f4 Qc6 34. g4 Rd8 35. Rb2 Rd5 36. Bf3 Qc3 37. Re2 Rd2 38. Bxb7 Rxe2+
39. Kxe2 Qb2+ 40. Kf3 Qxb7+ 41. Ke2 Qg2+ 0-1

[Event "14. Sparkassen Open 2015 - Gruppe C"]
[Site "Forchheim"]
[Date "2015.10.03"]
[Round "2.18"]
[White "Erdösi, Anna"]
[Black "Kolb, Tobias"]
[Result "0-1"]
[WhiteElo "1204"]
[BlackElo "1412"]
[PlyCount "188"]
[EventDate "2015.??.??"]
[WhiteTeam "TV Tegernsee"]
[BlackTeam "SV Seubelsdorf"]

1. e4 e5 2. Nf3 Nc6 3. d4 exd4 4. Nxd4 Nxd4 5. Qxd4 Qf6 6. Qd1 Bc5 7. f3 Ne7 8.
Nc3 O-O 9. Bd3 Qh4+ 10. g3 Qh3 11. Bf1 Qe6 12. Qe2 d6 13. Bd2 f5 14. O-O-O Qf7
15. Kb1 Be6 16. Be3 Bb4 17. Nd5 Nxd5 18. exd5 Bxd5 19. b3 Rae8 20. Qf2 a6 21.
Rg1 Bc6 22. Bc4 d5 23. Bf1 Qe7 24. Bd4 Bd6 25. Qg2 Bc5 26. Bxc5 Qxc5 27. g4 f4
28. g5 Re6 29. h4 Be8 30. Bd3 Qd6 31. Qg4 Bg6 32. Bxg6 Rxg6 33. h5 Re6 34. h6
g6 35. Rde1 Rfe8 36. Qh4 Rxe1+ 37. Rxe1 Rxe1+ 38. Qxe1 Kf7 39. Qc3 d4 40. Qc4+
Kf8 41. Qd3 Qe5 42. Qc4 c5 43. Qa4 Qe6 44. Qa5 Qd6 45. Qe1 Qe7 46. Qd2 Qxg5 47.
Qh2 Qg3 48. Qe2 Qg1+ 49. Kb2 Qe3 50. Qg2 Qe4 51. Kc1 Kf7 52. Qh3 Qf5 53. Qf1 b5
54. c4 dxc3 55. Qd1 Qe6 56. Qd3 Qe1+ 57. Kc2 Qd2+ 58. Qxd2 cxd2 59. Kxd2 Ke6
60. Kc3 g5 61. a3 Kd5 62. b4 c4 63. Kc2 Kd4 64. Kd2 c3+ 65. Kc2 Kc4 66. Kc1 Kd3
67. Kd1 c2+ 68. Kc1 Kc3 69. a4 Kd3 70. a5 Ke3 71. Kxc2 Kxf3 72. Kd2 Kf2 73. Kd3
f3 74. Ke4 Ke2 75. Kd4 f2 76. Ke4 f1=Q 77. Ke5 Qf4+ 78. Kd5 Qxb4 79. Ke5 Qxa5
80. Kf5 Qd8 81. Ke5 b4 82. Kf5 b3 83. Ke5 b2 84. Kf5 Qe8 85. Kxg5 Qg6+ 86. Kf4
Qxh6+ 87. Ke5 b1=R 88. Kd5 Qh4 89. Ke5 Rb5+ 90. Kd6 Qf6+ 91. Kc7 Rg5 92. Kd7
Rg7+ 93. Ke8 Qf7+ 94. Kd8 Qd7# 0-1

[Event "14. Sparkassen Open 2015 - Gruppe C"]
[Site "Forchheim"]
[Date "2015.10.03"]
[Round "2.20"]
[White "Heller, Thomas"]
[Black "Hauck, Martin"]
[Result "1-0"]
[WhiteElo "1379"]
[BlackElo "1035"]
[PlyCount "105"]
[EventDate "2015.??.??"]
[WhiteTeam "SC Forchheim"]
[BlackTeam "SC Noris-Tarrasch Nürnberg"]

1. e4 e5 2. Nf3 Nc6 3. Bc4 Be7 4. O-O Nf6 5. d3 d5 6. exd5 Nxd5 7. Bxd5 Qxd5 8.
c4 Qc5 9. Nc3 Bg4 10. Be3 Nd4 11. Ne4 Qc6 12. Nxe5 Bxd1 13. Nxc6 Nxc6 14. Raxd1
O-O-O 15. d4 f5 16. Nc5 Bxc5 17. dxc5 Rxd1 18. Rxd1 Nb4 19. a3 Na6 20. c6 b6
21. b4 Re8 22. Rd7 Nb8 23. Rxg7 f4 24. Bd2 Rd8 25. g3 Rxd2 26. Rg8+ Rd8 27.
Rxd8+ Kxd8 28. b5 f3 29. h4 Ke7 30. g4 Kf6 31. Kh2 Ke5 32. Kg3 Ke4 33. g5 Kf5
34. Kxf3 a6 35. a4 Kg6 36. Kg4 h6 37. h5+ Kg7 38. gxh6+ Kxh6 39. f4 axb5 40.
cxb5 Nxc6 41. bxc6 b5 42. axb5 Kg7 43. b6 cxb6 44. c7 b5 45. c8=Q b4 46. Qc4 b3
47. Qxb3 Kh6 48. Kf5 Kg7 49. Qe6 Kh7 50. Qg6+ Kh8 51. Qg1 Kh7 52. Kf6 Kh6 53.
Qg6# 1-0

[Event "14. Sparkassen Open 2015 - Gruppe C"]
[Site "Forchheim"]
[Date "2015.10.03"]
[Round "2.21"]
[White "Bardorz, Jana"]
[Black "Adelhardt, Lisa"]
[Result "1-0"]
[WhiteElo "1375"]
[BlackElo "1028"]
[PlyCount "129"]
[EventDate "2015.??.??"]
[WhiteTeam "TSV Rottendorf"]
[BlackTeam "Schachtreff Röttenbach"]

1. e4 e5 2. Nf3 Nc6 3. Nc3 Nf6 4. Bb5 Bc5 5. Nxe5 Bxf2+ 6. Kxf2 Nxe5 7. d4
Neg4+ 8. Kg1 c6 9. Be2 Nh6 10. Bxh6 gxh6 11. Qd2 Rg8 12. Qxh6 Rg6 13. Qd2 d5
14. exd5 Bh3 15. Qe3+ Kf8 16. Qxh3 Kg7 17. Rd1 Kg8 18. dxc6 bxc6 19. Qf3 Rc8
20. Ne4 Nxe4 21. Qxe4 Qb6 22. b3 c5 23. dxc5 Qxc5+ 24. Kf1 Rf6+ 25. Bf3 Qxc2
26. Qxc2 Rxc2 27. a4 Rc7 28. Ke1 Re7+ 29. Kf2 Rb7 30. Rb1 Rd7 31. Rhd1 Rc7 32.
Rd2 Rh6 33. h3 Re6 34. Re2 Rxe2+ 35. Kxe2 Re7+ 36. Kf2 Rc7 37. Be4 Re7 38. Bd3
Rd7 39. Ke2 Re7+ 40. Kd2 Re6 41. b4 Rf6 42. Rf1 Rh6 43. b5 Rh4 44. Bc2 Rd4+ 45.
Kc3 Rd7 46. a5 Rc7+ 47. Kb3 Rb7 48. Ka4 Rc7 49. Bb3 Re7 50. Bc4 Rc7 51. Kb4 Kg7
52. Rxf7+ Rxf7 53. Bxf7 Kxf7 54. b6 axb6 55. axb6 Kf6 56. b7 Kf5 57. b8=Q h5
58. Kc4 Ke4 59. Qe8+ Kf5 60. Kd5 Kf6 61. Qxh5 Ke7 62. Qg6 Kd7 63. Qf7+ Kd8 64.
Kd6 Kc8 65. Qc7# 1-0

[Event "14. Sparkassen Open 2015 - Gruppe C"]
[Site "Forchheim"]
[Date "2015.10.03"]
[Round "2.22"]
[White "Högner, Tom"]
[Black "Homfeldt, Maren"]
[Result "1-0"]
[WhiteElo "1343"]
[BlackElo "1332"]
[PlyCount "61"]
[EventDate "2015.??.??"]
[WhiteTeam "SC Erlangen"]
[BlackTeam "SC Noris-Tarrasch Nürnberg"]

1. e4 b6 2. d4 Bb7 3. Nc3 a6 4. Nf3 h6 5. Bf4 d6 6. e5 e6 7. d5 g6 8. Bc4 Bg7
9. dxe6 fxe6 10. exd6 cxd6 11. Bxe6 Ke7 12. Bd5 Bxd5 13. Nxd5+ Kf7 14. O-O Bxb2
15. Rb1 Bg7 16. Rxb6 Bf8 17. Rb7+ Ne7 18. Nxe7 Bxe7 19. Qd5+ Ke8 20. Rxe7+ Qxe7
21. Re1 Ra7 22. Rxe7+ Rxe7 23. Bxd6 Nd7 24. Qa8+ Kf7 25. Qxh8 Re8 26. Qh7+ Ke6
27. Qxg6+ Nf6 28. h3 Rg8 29. Nd4+ Kxd6 30. Qxf6+ Kd5 31. Qe6+ 1-0

[Event "14. Sparkassen Open 2015 - Gruppe C"]
[Site "Forchheim"]
[Date "2015.10.03"]
[Round "2.23"]
[White "Albayrak, Berrak"]
[Black "Meier, Jannik"]
[Result "0-1"]
[WhiteElo "962"]
[BlackElo "1288"]
[PlyCount "56"]
[EventDate "2015.??.??"]
[WhiteTeam "Zabo-Eintracht Nürnberg"]
[BlackTeam "TV Tegernsee"]

1. e4 c5 2. Nf3 d6 3. c3 Nf6 4. d4 Nxe4 5. Qe2 Bf5 6. Qb5+ Qd7 7. Qb3 a6 8. Bc4
e6 9. Bf4 Be7 10. O-O O-O 11. Re1 d5 12. Bf1 c4 13. Qd1 Nc6 14. b3 b5 15. Nbd2
Nxc3 16. Qc1 Ne4 17. Nxe4 Bxe4 18. Qc3 Bb4 19. Qe3 Bxe1 20. Rxe1 Ne7 21. Ng5
Bf5 22. Nh3 Ng6 23. Be2 Nxf4 24. Qxf4 Qe7 25. Bg4 Bxg4 26. Qxg4 Qf6 27. Re3 Qg6
28. Qf4 Qb1+ 0-1

[Event "14. Sparkassen Open 2015 - Gruppe C"]
[Site "Forchheim"]
[Date "2015.10.03"]
[Round "2.25"]
[White "Kodalle, Dominik"]
[Black "Siebert, Maxim"]
[Result "1-0"]
[WhiteElo "1262"]
[BlackElo "923"]
[PlyCount "97"]
[EventDate "2015.??.??"]
[WhiteTeam "Aschaffenburg-Schweinheim"]
[BlackTeam "SF Bad Mergentheim"]

1. e4 c6 2. d4 d5 3. Nc3 dxe4 4. Nxe4 Bf5 5. Ng3 Bg6 6. h4 h6 7. h5 Bh7 8. Nf3
Nd7 9. Bd3 Bxd3 10. Qxd3 Ngf6 11. Bd2 Qc7 12. O-O-O O-O-O 13. Kb1 Nc5 14. Qe2
Na4 15. Qc4 Nb6 16. Qxf7 Nfd5 17. Ne5 Rd6 18. Qf5+ Re6 19. Qxe6+ Kb8 20. Ba5
Nf6 21. Ne4 Nxe4 22. Nd7+ Qxd7 23. Qxd7 Nxd7 24. Rhf1 e5 25. dxe5 Nec5 26. e6
b6 27. exd7 Nxd7 28. Rxd7 bxa5 29. Rd8+ Kb7 30. Rfd1 Ka6 31. R1d7 a4 32. Rf7 g5
33. Rdxf8 Rxf8 34. Rxf8 c5 35. Rh8 g4 36. Rxh6+ Ka5 37. Rg6 g3 38. Rxg3 c4 39.
h6 c3 40. Rxc3 a3 41. Rxa3+ Kb5 42. h7 a5 43. h8=Q a4 44. Qe5+ Kc6 45. Rc3+ Kb6
46. Qb8+ Ka5 47. b4+ axb3 48. Rxb3 Ka6 49. Qa8# 1-0

[Event "14. Sparkassen Open 2015 - Gruppe C"]
[Site "Forchheim"]
[Date "2015.10.03"]
[Round "2.26"]
[White "Stoib, Marinus"]
[Black "Paeslack, Timo"]
[Result "1-0"]
[WhiteElo "1561"]
[BlackElo "889"]
[PlyCount "53"]
[EventDate "2015.??.??"]
[WhiteTeam "TV Tegernsee"]
[BlackTeam "SK Mainaschaff"]

1. e4 e5 2. Nf3 Nc6 3. Nc3 Nf6 4. Bb5 a6 5. Bxc6 bxc6 6. Nxe5 Qe7 7. Nf3 Nxe4
8. O-O d5 9. Re1 Bf5 10. d3 g6 11. dxe4 dxe4 12. Be3 Bg4 13. Bd2 Bf5 14. Nd4
Bg7 15. Nxf5 gxf5 16. Qe2 Bxc3 17. Bxc3 Rg8 18. f4 O-O-O 19. Qxa6+ Kd7 20.
Rad1+ Ke8 21. Qxc6+ Kf8 22. Rxd8+ Qxd8 23. Bb4+ Kg7 24. Qc3+ f6 25. Re3 Qd1+
26. Kf2 Qd8 27. Rg3+ 1-0

[Event "14. Sparkassen Open 2015 - Gruppe C"]
[Site "Forchheim"]
[Date "2015.10.03"]
[Round "2.30"]
[White "Wagner, Thomas"]
[Black "Roth, Ludwig"]
[Result "1/2-1/2"]
[WhiteElo "1352"]
[BlackElo "1164"]
[PlyCount "110"]
[EventDate "2015.??.??"]
[WhiteTeam "vereinslos"]
[BlackTeam "Spvgg Stetten"]

1. e4 d6 2. Nc3 Nf6 3. Bc4 Nbd7 4. d3 g6 5. Nf3 Bg7 6. O-O O-O 7. Be3 e5 8. h3
Kh8 9. Qd2 Nh5 10. Bh6 Nb6 11. Bxg7+ Kxg7 12. Bb3 f5 13. exf5 Rxf5 14. Qe3 Nf4
15. Ne2 Qf6 16. Nxf4 Rxf4 17. Nd2 d5 18. Rae1 Rf5 19. Nf3 d4 20. Qe4 Nd7 21.
Re2 c6 22. Rd2 Nc5 23. Qe2 Bd7 24. Rdd1 Re8 25. Nd2 Rg5 26. Kh1 Rh5 27. Qf3
Qxf3 28. Nxf3 Nxb3 29. axb3 Bg4 30. Rde1 Bxf3 31. gxf3 Rxh3+ 32. Kg2 Rh5 33. f4
Rf5 34. fxe5 Rfxe5 35. Rxe5 Rxe5 36. Kf3 Rc5 37. Rc1 Kf6 38. Ke4 Rd5 39. f4 Ke6
40. c4 dxc3 41. bxc3 Rb5 42. b4 a5 43. bxa5 Rxa5 44. c4 h5 45. Rb1 b5 46. cxb5
Rxb5 47. Rc1 Kd6 48. Rg1 Rb4+ 49. Ke3 Ke6 50. Rxg6+ Kf5 51. Rxc6 Rxf4 52. Rc5+
Kg4 53. Rxh5 Rf3+ 54. Ke2 Rxd3 55. Kxd3 Kxh5 1/2-1/2